000 00186 a2200097 4500
020 _a9781404816213
041 _aspa
100 _aWhite, Mark
245 _aLa Zorra y las Uvas
942 _cBK
999 _c7965
_d7965